书目信息 |
| 题名: |
计算机接口技术
|
|
| 作者: | 王荣良 主编 | |
| 分册: | ||
| 出版信息: | 北京 电子工业出版社 2003.01 |
|
| 页数: | 232页 | |
| 开本: | 26cm | |
| 丛书名: | ||
| 单 册: | ||
| 中图分类: | TP334.7 | |
| 科图分类: | ||
| 主题词: | 电子数字计算机 | |
| 电子资源: | ||
| ISBN: | 7-5053-8190-3 | |
| 000 | 00567nam0 2200193 45 | |
| 001 | 0435566886 | |
| 005 | 2004091509524519 | |
| 010 | @a7-5053-8190-3@dCNY 20.00 | |
| 100 | @a20040915d2003 km y0chiy0120 ea | |
| 101 | 0 | @achi |
| 102 | @aCN@b110000 | |
| 200 | 1 | @a计算机接口技术@AJi Suan Ji Jie Kou Ji Shu@f王荣良主编@FWang Rong Liang Zhu Bian |
| 210 | @a北京@c电子工业出版社@d2003.01 | |
| 215 | @a232页@d26cm | |
| 606 | 0 | @a电子数字计算机 |
| 690 | @aTP334.7@v3 | |
| 701 | 0 | @a王荣良@AWang Rong Liang@4主编 |
| 801 | 0 | @aCN@bPFT@c20040915 |
| 905 | @a安徽大学@dTP334.7@eW323 | |
| 计算机接口技术/王荣良主编.-北京:电子工业出版社,2003.01 |
| 232页;26cm |
| ISBN 7-5053-8190-3:CNY 20.00 |
| ● |
| 相关链接 |
|
|
|
正题名:计算机接口技术
索取号:TP334.7/W323
 
预约/预借
| 序号 | 登录号 | 条形码 | 馆藏地/架位号 | 状态 | 备注 |
| 1 | 393700 | 203937008 | 自科库301/301自科库 61排6列5层/ [索取号:TP334.7/W323] | 在馆 | |
| 2 | 393701 | 203937017 | 自科库301/301自科库 55排4列5层/ [索取号:TP334.7/W323] | 在馆 | |
| 3 | 393702 | 203937026 | 自科库301/301自科库 61排6列5层/ [索取号:TP334.7/W323] | 在馆 |